Poplatky spojené s kapitalizačným sporením na dôchodok na individuálnych dôchodkových účtoch
Problematika administratívnych nákladov a poplatkov súvisiacich so zabezpečovaním dôchodkových dávok. Meranie poplatkov, resp. taxonómia na hodnotenie poplatkov. Pojem Charge ratio - jeho komponenty. Poplatková politika vo vybraných krajinách.
Enregistré dans:
| Auteur principal: | |
|---|---|
| Format: | Chapitre de livre |
| Langue: | slovaque |
| Sujets: | |
| Tags: |
Pas de tags, Soyez le premier à ajouter un tag!
|
MARC
| LEADER | 00000naa$a2200000$$$4500 | ||
|---|---|---|---|
| 001 | 0098870 | ||
| 005 | 20240502072105.7 | ||
| 041 | 0 | |a slo | |
| 044 | |a SK | ||
| 245 | 1 | 0 | |a Poplatky spojené s kapitalizačným sporením na dôchodok na individuálnych dôchodkových účtoch |c Andrea Čambalová |
| 520 | |a Problematika administratívnych nákladov a poplatkov súvisiacich so zabezpečovaním dôchodkových dávok. Meranie poplatkov, resp. taxonómia na hodnotenie poplatkov. Pojem Charge ratio - jeho komponenty. Poplatková politika vo vybraných krajinách. | ||
| 610 | 2 | 0 | |a financie |
| 610 | 2 | 0 | |a poplatky |
| 610 | 2 | 0 | |a náklady |
| 610 | 2 | 0 | |a dôchodky starobné |
| 610 | 2 | 0 | |a účty |
| 610 | 2 | 0 | |a spoločnosti správcovské dôchodkové |
| 610 | 2 | 0 | |a sporenie dôchodkové starobné |
| 100 | 1 | |a Čambalová, Andrea | |